Sports Quiz

Random Sports or NFL Quiz

Never Relocated (NFL) Quiz Stats

 Plays Quiz Updated Nov 15, 2017

Challenge
Share
Tweet
Embed
Score 0/22 Timer 03:00
3 Plays Today
First Year Team % Correct
1919 (founded)/1921 (NFL member)Green Bay Packers
93.7%
1925New York Giants
93.1%
1960New York Jets
90.9%
1960Dallas Cowboys
89.4%
1960New England Patriots
88.6%
1966Miami Dolphins
86.9%
1946 (Original)/1999 (Restart)Cleveland Browns
86.7%
1933Pittsburgh Steelers
86.3%
1976Seattle Seahawks
86.2%
1995Jacksonville Jaguars
86.1%
2002Houston Texans
86.1%
First Year Team % Correct
1995Carolina Panthers
83.8%
1933Philadelphia Eagles
83.2%
1961Minnesota Vikings
83.2%
1946San Francisco 49ers
80.9%
1976Tampa Bay Buccaneers
78%
1968Cincinnati Bengals
78%
1960Denver Broncos
77.5%
1966Atlanta Falcons
76.6%
1996Baltimore Ravens
74.9%
1967New Orleans Saints
74.8%
1960Buffalo Bills
74.1%

You're not logged in!

Compare scores with friends on all Sporcle quizzes.
Join for Free
OR
Log In

You Might Also Like...

Show Comments

Extras

Top Quizzes Today


Score Distribution

Your Account Isn't Verified!

In order to create a playlist on Sporcle, you need to verify the email address you used during registration. Go to your Sporcle Settings to finish the process.

Report this User

Report this user for behavior that violates our Community Guidelines.

Details: